[Event "Staatsliga B South 1995/96"]
[Site "masterchessopen.com Austria"]
[Round "0"]
[White "Janisch Robert (AUT)"]
[Black "Schroecker Hans Peter (AUT)"]
[Result "1-0"]
[WhiteElo "2122"]
[BlackElo "2323"]

1.d4 Nf6 2.c4 e6 3.Nc3 Bb4 4.Qc2 c5 5.dxc5 O-O 6.Nf3 Na6 7.a3 Bxc3+ 8.Qxc3
Nxc5 9.Bg5 Nfe4 10.Bxd8 Nxc3 11.Be7 Nb3 12.Bxf8 Kxf8 13.Rd1 Nxd1 14.Kxd1 a5
15.Kc2 a4 16.e3 b6 17.Nd4 Nc5 18.f3 Ba6 19.Kc3 e5 20.Nc2 Rc8 21.Nb4 Bb7 22.Nd3
d5 23.Kb4 Na6+ 24.Kb5 e4 25.fxe4 dxe4 26.Nb4 Nc5 27.Kxb6 Ba8 28.Be2 Nd7+
29.Ka7 Bc6 30.Nxc6 Rc7+ 31.Ka6 Rxc6+ 32.Ka5 Rb6 {#r} 1-0

[Event "It (open)"]
[Site "masterchessopen.com Baunatal (Germany)"]
[Round "0"]
[White "Beutelhoff Josef (GER)"]
[Black "Mertens Marc (LUX)"]
[Result "1-0"]
[WhiteElo "2118"]
[BlackElo "2225"]

1.d4 Nf6 2.c4 e6 3.Nc3 Bb4 4.Qc2 c5 5.dxc5 O-O 6.a3 Bxc5 7.Nf3 Nc6 8.Bg5 h6
9.Bh4 Re8 10.e3 b6 11.Rd1 g5 12.Bg3 Nh5 13.Ne5 Nxg3 14.Nxc6 Qf6 15.hxg3 dxc6
16.Ne4 Qg7 17.Nxc5 bxc5 18.Be2 Rb8 19.b3 Bb7 20.g4 Qf6 21.O-O e5 22.Rd7 Re7
23.Rfd1 Qe6 24.R7d6 {#r} 1-0

[Event "It (open)"]
[Site "masterchessopen.com Biel (Switzerland)"]
[Round "1"]
[White "Kersten Uwe (GER)"]
[Black "Wahls Matthias (GER)"]
[Result "0-1"]
[WhiteElo "2320"]
[BlackElo "2540"]

1.d4 Nf6 2.c4 e6 3.Nc3 Bb4 4.Qc2 c5 5.dxc5 O-O 6.a3 Bxc5 7.Nf3 b6 8.g3 Bb7
9.Bg2 Be7 10.O-O d6 11.Rd1 a6 12.Bf4 Qc7 13.Qd3 e5 14.Ng5 Bxg2 15.Kxg2 h6
16.Nd5 Qb7 17.Ne4 Nxd5 {#R} 0-1

[Event "Ch World (juniors) (under 18) (g)"]
[Site "masterchessopen.com Cala Galdana (Spain)"]
[Round "3"]
[White "Slavina Irina (RUS)"]
[Black "Batceceg Tuvshintogs (MGL)"]
[Result "1-0"]
[WhiteElo "2155"]
[BlackElo "2040"]

1.d4 Nf6 2.c4 e6 3.Nc3 Bb4 4.Qc2 c5 5.dxc5 O-O 6.Nf3 Na6 7.g3 Nxc5 8.Bg2 Nce4
9.O-O Nxc3 10.bxc3 Bc5 11.e4 d6 12.e5 dxe5 13.Nxe5 Qc7 14.Qe2 Bd6 15.Bf4 g5
16.c5 gxf4 17.cxd6 Qxd6 18.gxf4 Kh8 19.Rfd1 Qc7 20.c4 Rg8 21.Qb2 Rg7 22.Kh1
Rb8 23.c5 b6 24.c6 Nd5 25.Bxd5 exd5 26.Rg1 f6 27.Rxg7 Qxg7 28.Rg1 Qe7 29.Qb4
Qe8 30.c7 Rb7 31.Qd6 {#r} 1-0

[Event "It (open)"]
[Site "masterchessopen.com Ceske Budejovice (Czech Republic)"]
[Round "5"]
[White "Karner Christoph (AUT)"]
[Black "Gruber Gernot (AUT)"]
[Result "1-0"]
[WhiteElo "2180"]
[BlackElo "2078"]

1.d4 e6 2.c4 Nf6 3.Nc3 Bb4 4.Qc2 c5 5.dxc5 O-O 6.a3 Bxc5 7.Bf4 d6 8.Nf3 Nc6
9.e3 e5 10.Bg5 Be6 11.Rd1 Bg4 12.Be2 h6 13.Bh4 g5 14.Nxg5 Bxe2 15.Qxe2 hxg5
16.Bxg5 e4 17.Nd5 Qa5+ 18.b4 Nxb4 19.Nxf6+ Kg7 20.O-O Nd3 21.Nxe4 Ne5 22.Qh5
{#r} 1-0

[Event "Ch Cyprus"]
[Site "masterchessopen.com Cyprus"]
[Round "0"]
[White "Savva Panikos (CYP)"]
[Black "Melas Renos (CYP)"]
[Result "0-1"]
[WhiteElo "2067"]
[BlackElo "2115"]

1.d4 Nf6 2.c4 e6 3.Nc3 Bb4 4.Qc2 c5 5.dxc5 O-O 6.a3 Bxc5 7.Nf3 Nc6 8.Bf4 Nh5
9.Bg5 Nd4 10.Nxd4 Qxg5 11.Ne4 Qe7 12.Nxc5 Qxc5 13.e3 b6 14.Qe4 Ba6 15.b4 Qc7
16.Bd3 Nf6 17.Qh4 Bxc4 18.Rc1 d5 19.O-O Rfc8 20.Bxc4 dxc4 21.b5 a6 22.a4 axb5
23.axb5 Ra5 24.Nc6 Rxb5 25.Rxc4 Rc5 {#R} 0-1

[Event "It (open)"]
[Site "masterchessopen.com Gent (Belgium)"]
[Round "6"]
[White "Clemens Adrian (NED)"]
[Black "Eliet Nicolas (FRA)"]
[Result "1-0"]
[WhiteElo "2233"]
[BlackElo "2380"]

1.d4 Nf6 2.c4 e6 3.Nc3 Bb4 4.Qc2 c5 5.dxc5 O-O 6.a3 Bxc5 7.Nf3 b6 8.Bg5 Be7
9.e4 d6 10.Rd1 Ne8 11.Bf4 f6 12.Be2 a6 13.O-O Bd7 14.Be3 Nc6 15.Nd4 Nxd4
16.Bxd4 g6 17.f4 Ng7 18.Qb3 Rb8 19.f5 exf5 20.exf5 Bxf5 21.Nd5 Kh8 22.Qe3 Be6
23.Bxb6 Qd7 24.Nxe7 Qxe7 25.c5 Nf5 26.Qf2 Bb3 27.Rc1 Qb7 28.Bg4 Ng7 29.Bf3 Qd7
30.Qd4 {#r} 1-0

[Event "Hessenliga 1996/97"]
[Site "masterchessopen.com Germany"]
[Round "0"]
[White "Rubcov Alexander (GER)"]
[Black "Schmidt Frank (GER)"]
[Result "0-1"]
[WhiteElo "2010"]
[BlackElo "2045"]

1.d4 Nf6 2.c4 e6 3.Nc3 Bb4 4.Qc2 c5 5.dxc5 O-O 6.Bd2 Nc6 7.Nf3 Bxc5 8.a3 Ng4
9.e3 f5 10.h3 Nf6 11.b4 Be7 12.Rd1 b6 13.Bd3 Bb7 14.O-O Rc8 15.e4 fxe4 16.Nxe4
h6 17.Nxf6+ Bxf6 18.Qb3 Ne5 19.Nxe5 Bxe5 20.Bb1 Qh4 21.Qd3 Qxc4 22.Qh7+ Kf7
23.Bxh6 Bd5 24.Bg6+ Ke7 25.Bxg7 Bxg7 26.Qxg7+ Kd6 27.Bh7 Qf4 28.Rd4 Rf7
29.Rxf4 Rxg7 30.Be4 Ke5 31.g3 Bxe4 32.Re1 d5 33.Kh2 Kd6 {#R} 0-1

[Event "It (open)"]
[Site "masterchessopen.com Las Vegas (USA)"]
[Round "0"]
[White "Lower Spencer (USA)"]
[Black "Serper Grigory (USA)"]
[Result "0-1"]
[WhiteElo "2276"]
[BlackElo "2535"]

1.d4 Nf6 2.c4 e6 3.Nc3 Bb4 4.Qc2 c5 5.dxc5 O-O 6.Nf3 Na6 7.a3 Bxc3+ 8.Qxc3
Nxc5 9.g3 b6 10.Bg2 Ba6 11.Nd2 Rc8 12.b4 Bb7 13.f3 Na6 14.Bb2 d5 15.O-O dxc4
16.Rfd1 b5 17.Nf1 Qb6+ 18.Kh1 Nc7 19.e4 Rfd8 20.Ne3 Nce8 21.Kg1 Bxe4 22.fxe4
Ng4 23.Rxd8 Rxd8 24.Re1 Rd3 25.Qxd3 cxd3 26.Bc1 Qd4 27.Bd2 Nd6 {#R} 0-1

[Event "It (open)"]
[Site "masterchessopen.com Meisdorf (Germany)"]
[Round "0"]
[White "Goehler Antje (GER)"]
[Black "Bocksberger Stefan (GER)"]
[Result "0-1"]
[WhiteElo "2134"]
[BlackElo "2305"]

1.d4 Nf6 2.c4 e6 3.Nc3 Bb4 4.Qc2 c5 5.dxc5 O-O 6.a3 Bxc5 7.Nf3 Nc6 8.b4 Be7
9.Bb2 d5 10.Rd1 Re8 11.e3 Bf8 12.Be2 a5 13.cxd5 exd5 14.b5 Ne7 15.Nd4 Ng6
16.h3 Bd6 17.O-O Bb8 18.Qd2 Qd6 19.f4 Ba7 20.Kh2 Nh4 21.g3 Bxd4 22.exd4 Nf5
23.Rf3 Qe6 24.Rg1 Nxd4 {#R} 0-1

[Event "Ch Moscow (open)"]
[Site "masterchessopen.com Moscow (Russia)"]
[Round "8"]
[White "Annakov Babakuli (USA)"]
[Black "Dragomarezkij Evgeni (RUS)"]
[Result "0-1"]
[WhiteElo "2360"]
[BlackElo "2465"]

1.d4 Nf6 2.c4 e6 3.Nc3 Bb4 4.Qc2 c5 5.dxc5 O-O 6.Nf3 Na6 7.g3 Nxc5 8.Bg2 b6
9.O-O Ba6 10.b3 Rc8 11.Bb2 Qe7 12.Rad1 Bxc3 13.Qxc3 d5 14.Ne5 dxc4 15.Nc6 {#R}
0-1

[Event "Cup Russia (open)"]
[Site "masterchessopen.com Moscow (Russia)"]
[Round "1"]
[White "Sergienko Sergey (RUS)"]
[Black "Glagolev Boris (RUS)"]
[Result "1-0"]
[WhiteElo "2425"]
[BlackElo "2011"]

1.d4 Nf6 2.c4 e6 3.Nc3 Bb4 4.Qc2 c5 5.dxc5 O-O 6.a3 Bxc5 7.Nf3 d5 8.cxd5 exd5
9.Bg5 Be6 10.e3 Nbd7 11.Be2 Rc8 12.O-O Be7 13.Rac1 h6 14.Bh4 g5 15.Bg3 Ne4
16.Nd4 a6 17.Nxe6 fxe6 18.f3 Bc5 19.Bf2 Qb6 20.Nxe4 dxe4 21.Qxe4 e5 22.Qd5+
Rf7 23.Bc4 {#r} 1-0

[Event "It (cat.7)"]
[Site "masterchessopen.com Budapest (Hungary)"]
[Round "8"]
[White "Dao Thien Hai (VIE)"]
[Black "Bunzmann Dimitrij (GER)"]
[Result "1-0"]
[WhiteElo "2525"]
[BlackElo "2370"]

1.d4 Nf6 2.c4 e6 3.Nc3 Bb4 4.Qc2 c5 5.dxc5 O-O 6.a3 Bxc5 7.Nf3 a6 8.Bf4 Nh5
9.Bd2 f5 10.e4 Nc6 11.O-O-O b5 12.exf5 exf5 13.Nd5 d6 14.cxb5 axb5 15.Bxb5 Ne7
16.Bg5 Nf6 17.Bxf6 gxf6 18.Nxf6+ Rxf6 19.Qxc5 Be6 20.Rxd6 Qa5 21.Kb1 Rc8
22.Qe5 {#r} 1-0

[Event "It (open) \"]
[Site "masterchessopen.com Copenhagen (Denmark)"]
[Round "11"]
[White "Hillarp Persson Tiger (SWE)"]
[Black "Gunnarsson Jon Viktor (ISL)"]
[Result "1-0"]
[WhiteElo "2445"]
[BlackElo "2315"]

1.d4 Nf6 2.c4 e6 3.Nc3 Bb4 4.Qc2 c5 5.dxc5 O-O 6.a3 Bxc5 7.Nf3 b6 8.Bg5 Bb7
9.e3 Be7 10.Be2 Nc6 11.O-O Rc8 12.Rfd1 Qc7 13.Nb5 Qb8 14.Bxf6 Bxf6 15.Rxd7 Ne5
16.Rxb7 Qxb7 17.Nd6 Nxf3+ 18.Bxf3 Qc7 19.Nxc8 Rxc8 20.Rc1 Qe5 21.b4 Qb2 22.c5
Qxa3 23.Rb1 a5 24.Bb7 Rc7 25.c6 axb4 26.Qe4 Bc3 27.Qf4 e5 28.Qh4 f6 29.Qc4+
Kf8 30.Qd5 {#r} 1-0

[Event "Moravian League 1997/98"]
[Site "masterchessopen.com Czech Republic"]
[Round "3"]
[White "Sobek Jaroslav (CZE)"]
[Black "Vavra Pavel_ (CZE)"]
[Result "1-0"]
[WhiteElo "2220"]
[BlackElo "2395"]

1.d4 Nf6 2.c4 e6 3.Nc3 Bb4 4.Qc2 c5 5.dxc5 O-O 6.Bg5 Nc6 7.Nf3 Bxc5 8.e3 h6
9.Bxf6 Qxf6 10.a3 Rd8 11.Rd1 a5 12.Be2 b6 13.O-O Bb7 14.Ne4 Qe7 15.Rd2 Rac8
16.Rfd1 d6 17.Ng3 f5 18.Nd4 Ne5 19.f4 Nf7 20.Qb1 g6 21.b4 axb4 22.axb4 Bxd4
23.exd4 Qf6 24.Qb3 Kg7 25.Bf1 h5 26.Nh1 Ra8 27.Nf2 Ra7 {#r} 1-0

[Event "It (open)"]
[Site "masterchessopen.com Dieren (Netherlands)"]
[Round "0"]
[White "Obers Frits (NED)"]
[Black "Barsov Alexei (UZB)"]
[Result "0-1"]
[WhiteElo "2105"]
[BlackElo "2445"]

1.d4 e6 2.c4 Nf6 3.Nc3 Bb4 4.Qc2 c5 5.dxc5 O-O 6.a3 Bxc5 7.Nf3 Nc6 8.Bg5 h6
9.h4 Nd4 10.Nxd4 Bxd4 11.O-O-O Bxf2 12.Rh3 Bc5 13.g4 Be7 14.Bxf6 Bxf6 15.g5
hxg5 16.hxg5 Bxg5+ 17.e3 f5 18.Be2 Rf6 19.Rg1 Rh6 20.Rhg3 Bf6 {#R} 0-1

[Event "Ch Finland (team) 1996/97"]
[Site "masterchessopen.com Finland"]
[Round "5"]
[White "Calonius Mikael (FIN)"]
[Black "Koskela Niina (FIN)"]
[Result "0-1"]
[WhiteElo "2151"]
[BlackElo "2200"]

1.d4 Nf6 2.c4 e6 3.Nc3 Bb4 4.Qc2 c5 5.dxc5 O-O 6.Bf4 Bxc5 7.Nf3 Nc6 8.e3 a6
9.a3 Be7 10.Rd1 Nh5 11.Bd6 Bxd6 12.Rxd6 f5 13.Be2 Qe7 14.Rd2 Nf6 15.O-O Qd8
16.Rfd1 Qc7 17.b4 Ne7 18.Qb3 b6 19.Rd6 Kh8 20.Ne5 Nfd5 21.Nxd5 exd5 22.R6xd5
Nxd5 23.Rxd5 d6 24.Nf3 Be6 25.Rd4 b5 26.Ng5 Bg8 27.Rh4 Qe7 28.f4 Rac8 29.Qb2
Qxe3+ 30.Kf1 bxc4 31.Bh5 c3 32.Qc2 Bc4+ 33.Be2 Qxe2+ {#R} 0-1

[Event "It (open)"]
[Site "masterchessopen.com Groningen (Netherlands)"]
[Round "1"]
[White "Riksten Martin (NED)"]
[Black "Kiriakov Petr (RUS)"]
[Result "0-1"]
[WhiteElo "2192"]
[BlackElo "2505"]

1.d4 e6 2.c4 Nf6 3.Nc3 Bb4 4.Qc2 c5 5.dxc5 O-O 6.f3 Bxc5 7.e4 Nc6 8.Bg5 Qa5
9.Ne2 d5 10.cxd5 exd5 11.Bxf6 gxf6 12.O-O-O Be3+ 13.Kb1 d4 14.Nd5 Be6 15.Ng3
Nb4 16.Qb3 Nxd5 17.exd5 Bxd5 18.Bc4 Rfd8 19.Rhe1 Rac8 20.Bxd5 Rxd5 21.Ne4 Rb5
22.Qd3 Rc6 23.Nd6 Rxd6 24.Rxe3 dxe3 25.Qxd6 e2 {#R} 0-1

[Event "It (open)"]
[Site "masterchessopen.com Kassel (Germany)"]
[Round "1"]
[White "Ballo Emanuel (GER)"]
[Black "Bunzmann Dimitrij (GER)"]
[Result "0-1"]
[WhiteElo "2195"]
[BlackElo "2370"]

1.d4 Nf6 2.c4 e6 3.Nc3 Bb4 4.Qc2 c5 5.dxc5 O-O 6.Bg5 Na6 7.a3 Bxc5 8.Nf3 Be7
9.e3 h6 10.Bh4 b6 11.Be2 Bb7 12.O-O Nc5 13.Rfd1 Nfe4 14.Bxe7 Qxe7 15.Nd4 Qg5
16.Bf3 Nxc3 17.Qxc3 e5 18.Bxb7 exd4 19.Qxd4 Nxb7 20.Qxd7 Nc5 21.Qc6 Rac8
22.Qb5 Rfd8 {#R} 0-1

[Event "It (open)"]
[Site "masterchessopen.com Kassel (Germany)"]
[Round "6"]
[White "Krallmann Matthias (GER)"]
[Black "Baerwinkel Tobias (GER)"]
[Result "1-0"]
[WhiteElo "2285"]
[BlackElo "2345"]

1.d4 Nf6 2.c4 e6 3.Nc3 Bb4 4.Qc2 c5 5.dxc5 O-O 6.a3 Bxc5 7.Nf3 b6 8.b4 Be7
9.e4 d6 10.Bf4 Nh5 11.Be3 a6 12.Be2 Qc7 13.O-O Bb7 14.Nd4 Nf6 15.f4 Re8 16.g4
Nc6 17.g5 Nxd4 18.Bxd4 Nd7 19.Rac1 e5 20.Be3 exf4 21.Bxf4 Bf8 22.Qb1 Ne5
23.Nd5 Bxd5 24.cxd5 Qd7 25.Rc3 g6 26.Rfc1 Bg7 27.Rc7 Qh3 28.R1c3 Qh4 29.Qf1
Ng4 30.Bg3 Bd4+ 31.Kg2 Qh5 32.Bxg4 {#r} 1-0

[Event "Ch Yugoslavia (open)"]
[Site "masterchessopen.com Nis (Yugoslavia)"]
[Round "1"]
[White "Miljkovic Mihajlo (SRB)"]
[Black "Tosic Miroslav (SRB)"]
[Result "0-1"]
[WhiteElo "2278"]
[BlackElo "2420"]

1.d4 Nf6 2.c4 e6 3.Nc3 Bb4 4.Qc2 c5 5.dxc5 O-O 6.Bg5 Na6 7.a3 Bxc3+ 8.Qxc3
Nxc5 9.f3 a5 10.h4 a4 11.e4 d6 12.Rd1 e5 13.Qd2 Ra6 14.Ne2 Be6 15.Nc3 Qe7
16.Nd5 Bxd5 17.cxd5 Raa8 18.Bb5 Rfc8 19.Qb4 h6 20.Be3 Nh5 21.Bxc5 Rxc5 22.Bxa4
f5 23.Bb5 Ng3 24.Rh3 f4 25.Bd3 Rac8 26.Qd2 Qc7 27.Bb1 Qb6 28.Qf2 Qb3 29.Qd2
Qb6 30.Qf2 Rc2 31.Bxc2 Rxc2 {#R} 0-1

[Event "It (cat.7)"]
[Site "masterchessopen.com Budapest (Hungary)"]
[Round "1"]
[White "Hoang Thanh Trang (HUN)"]
[Black "Bunzmann Dimitrij (GER)"]
[Result "0-1"]
[WhiteElo "2350"]
[BlackElo "2455"]

1.d4 Nf6 2.c4 e6 3.Nc3 Bb4 4.Qc2 c5 5.dxc5 O-O 6.Bf4 Na6 7.a3 Bxc3+ 8.Qxc3
Nxc5 9.b4 Nce4 10.Qd4 d5 11.Rd1 Re8 12.Nf3 Qe7 13.e3 Ng4 14.Bg3 e5 15.Qd3 Bf5
16.Qb3 d4 17.Nh4 Bd7 18.Nf3 a5 19.Bh4 g5 20.Bd3 Nc3 21.Nxg5 Ba4 22.Qb2 Nxd1
23.Qe2 Ndxf2 24.O-O e4 25.Bxe4 Nxe4 26.Qxg4 Nxg5 27.Bxg5 Qe6 28.Qg3 Qg6 29.Rf6
Qg7 {#R} 0-1

[Event "Ch World (juniors) (under 20)"]
[Site "masterchessopen.com Calicut (India)"]
[Round "4"]
[White "Herraiz Hidalgo Herminio (ESP)"]
[Black "Roghani Arash (IRI)"]
[Result "1-0"]
[WhiteElo "2405"]
[BlackElo "2371"]

1.d4 Nf6 2.c4 e6 3.Nc3 Bb4 4.Qc2 c5 5.dxc5 O-O 6.a3 Bxc5 7.Nf3 Qb6 8.e3 Be7
9.e4 Nc6 10.Bf4 d5 11.exd5 exd5 12.cxd5 Bf5 13.Qxf5 Qxb2 14.Rc1 Rfe8 15.Be2
Na5 16.O-O Bxa3 17.Rc2 Qb4 18.Rb1 Nb3 19.Nb5 Rxe2 20.Rxe2 Qxb5 21.Qc2 {#r} 1-0

[Event "It (open)"]
[Site "masterchessopen.com Corte Ingles (Spain)"]
[Round "0"]
[White "Rodriguez Melian Jose Luis (ESP)"]
[Black "Santos Izquierdo Francisco (ESP)"]
[Result "0-1"]
[WhiteElo "2119"]
[BlackElo "2280"]

1.d4 Nf6 2.c4 e6 3.Nc3 Bb4 4.Qc2 c5 5.dxc5 O-O 6.Nf3 Na6 7.a3 Bxc3+ 8.Qxc3
Nxc5 9.h3 b6 10.e3 Ba6 11.b3 d5 12.Ne5 Rc8 13.a4 dxc4 14.Nxc4 Nd5 15.Qd2 Nb4
16.Qc3 Qf6 17.Qxf6 gxf6 18.Rb1 Rfd8 19.Bd2 Nc2+ 20.Kd1 Ne4 {#R} 0-1

[Event "Ch France (team) 1997/98"]
[Site "masterchessopen.com France"]
[Round "5"]
[White "Touzane Olivier (FRA)"]
[Black "Harovelo Ingmar (FRA)"]
[Result "1-0"]
[WhiteElo "2375"]
[BlackElo "2285"]

1.d4 Nf6 2.c4 e6 3.Nc3 Bb4 4.Qc2 c5 5.dxc5 O-O 6.a3 Bxc5 7.Nf3 b6 8.e3 Bb7
9.Bd3 Nc6 10.b4 Be7 11.Bb2 Rc8 12.Rd1 h6 13.Rg1 Qc7 14.Qe2 Ng4 15.Bb1 a5
16.Nb5 Qb8 17.Rxd7 axb4 18.h3 bxa3 19.Qc2 f5 20.Bxg7 Kxg7 21.hxg4 Rcd8 22.gxf5
exf5 23.Rc7 Rf7 24.Ke2 Rc8 25.Qc3+ Kg8 26.g4 Bf6 27.gxf5+ Kh8 28.Rxf7 Bxc3
29.f6 {#r} 1-0

[Event "It (open)"]
[Site "masterchessopen.com Hoogeveen (Netherlands)"]
[Round "9"]
[White "De Jonge Henk (IRL)"]
[Black "Van Engen Herman (NED)"]
[Result "0-1"]
[WhiteElo "1990"]
[BlackElo "2089"]

1.d4 Nf6 2.c4 e6 3.Nc3 Bb4 4.Qc2 c5 5.dxc5 O-O 6.a3 Bxc5 7.b4 Be7 8.Bb2 a5
9.b5 b6 10.Nf3 Bb7 11.e3 d6 12.Be2 Nbd7 13.Na4 Rc8 14.O-O Ne4 15.Bd3 f5 16.Nd4
Nec5 17.Nxc5 Nxc5 18.Nxf5 exf5 19.Bxf5 Rc7 20.Bxh7+ Kh8 21.Bxg7+ Kxg7 22.Qg6+
Kh8 23.Qh5 Bf6 24.Bf5+ Kg8 25.Rad1 Rg7 26.f3 Qe7 27.e4 Bb2 28.h4 Bxa3 29.g4
Ne6 30.Kh1 Nf4 31.Qh6 Qe5 32.g5 Rxf5 {#R} 0-1

[Event "It (open)"]
[Site "masterchessopen.com Regensburg (Germany)"]
[Round "4"]
[White "Ballo Emanuel (GER)"]
[Black "Thinius Marco (GER)"]
[Result "0-1"]
[WhiteElo "2200"]
[BlackElo "2335"]

1.d4 Nf6 2.c4 e6 3.Nc3 Bb4 4.Qc2 c5 5.dxc5 O-O 6.Nf3 Na6 7.Bf4 Nxc5 8.a3 Bxc3+
9.Qxc3 d6 10.e3 Nfe4 11.Qc2 e5 12.Bg3 Bf5 13.Qd1 a5 14.Nh4 Be6 15.b4 axb4
16.axb4 Qb6 17.Rb1 Ra4 18.Bd3 Rxb4 19.Rc1 Nxd3+ 20.Qxd3 Nc5 21.Qe2 Bxc4 {#R}
0-1

[Event "Ch Sweden (team) 1998/99"]
[Site "masterchessopen.com Sweden"]
[Round "2"]
[White "Welin Thomas (SWE)"]
[Black "Degerman Lars (SWE)"]
[Result "1-0"]
[WhiteElo "2375"]
[BlackElo "2500"]

1.d4 Nf6 2.c4 e6 3.Nc3 Bb4 4.Qc2 c5 5.dxc5 O-O 6.Bg5 Qa5 7.Bxf6 gxf6 8.e3
Bxc3+ 9.bxc3 Na6 10.Bd3 Nxc5 11.Bxh7+ Kg7 12.Bd3 b6 13.Ne2 Ba6 14.O-O Rac8
15.Rfd1 Nxd3 16.Rxd3 Bxc4 17.Rd4 Bxe2 18.Qxe2 Rh8 19.h3 Qxc3 20.Rad1 d5 21.e4
Rh4 22.R1d3 Qc1+ 23.Kh2 Rc2 24.Rg3+ Kf8 25.Qa6 Rxf2 26.Qxa7 Qf4 27.Qa8+ Ke7
28.Qb7+ Kd6 29.e5+ fxe5 30.Qxb6+ {#r} 1-0

[Event "Memorial V.Ciocaltea (cat.10)"]
[Site "masterchessopen.com Bucharest (Romania)"]
[Round "9"]
[White "Vasilescu Lucian-Mihail (ROM)"]
[Black "Marin Mihail (ROM)"]
[Result "0-1"]
[WhiteElo "2394"]
[BlackElo "2548"]

1.d4 Nf6 2.c4 e6 3.Nc3 Bb4 4.Qc2 c5 5.dxc5 O-O 6.a3 Bxc5 7.Nf3 b6 8.Bg5 Bb7
9.e3 Be7 ( 9...Bxf3 10.gxf3 Nc6 11.O-O-O { ? } ) 10.Rd1 ( 10.Be2 d6 )
10...Bxf3 { !? } 11.gxf3 Nc6 12.f4 ( 12.Be2 Rc8 ) ( 12.Bd3 Ne5 13.Be2 Qc7 )
12...Ne8 13.Rg1 ( 13.h4 h6 14.Bd3 Rc8 { ! } ( 14...f6 { ? } 15.Bxh6 gxh6
16.Bh7+ Kh8 17.Qg6 { +?? } ) ( 14...f5 { !? } ) ) 13...f6 14.Bh4 f5 15.Bg5 (
15.Bg3 Rc8 ) 15...Rc8 { c4 } 16.Qa4 ( 16.Be2 ) 16...Bxg5 17.Rxg5 ( 17.fxg5 f4
{ ? ?d8-c7-e5; x h2, e3. } ) 17...Qe7 18.Bg2 ( 18.Be2 ) 18...Nf6 ( 18...Nd6 {
!? ? ?b7-c5 } 19.Bf3 ( 19.Nb5 Nxb5 20.cxb5 Na5 21.b4 Nc4 22.Qxa7 Rfd8 23.Rd4
Qf7 24.Bf3 d5 25.Qxf7+ Kxf7 26.a4 Ra8 27.Bd1 Nb2 { ? } ) 19...Na5 20.b3 (
20.Qb4 Naxc4 21.b3 a5 ) 20...Qf6 ( 20...Nf7 21.Rg1 d5 { ? } 22.cxd5 Rxc3
23.Qd4 ) 21.Ne2 Nf7 22.Rg1 Qb2 23.Nd4 Rfd8 ) 19.Nb5 h6 20.Rg3 e5 { !? ? DA }
21.fxe5 ( 21.Nd6 { ? } 21...exf4 22.Nxf5 ( 22.Nxc8 Rxc8 23.Rh3 Ng4 { ? } )
22...Qe5 23.Rxg7+ Kh8 24.Qc2 ( 24.Qb5 d5 25.Bh3 ( 25.e4 Nxe4 26.Rxd5 Rxf5 { !
} ) 25...fxe3 26.fxe3 Qxh2 { ? } ) 24...fxe3 25.fxe3 ( 25.Nh4 exf2+ 26.Kf1 Nd4
27.Qd3 Qxh2 { ??+ } ) 25...Rg8 ( 25...Nh5 26.Rh7+ ) ( 25...Na5 26.Rg6 ( 26.Bf1
Rc5 27.Bd3 ) 26...Ng8 27.Nd6 Qxe3+ 28.Qe2 Qg1+ 29.Kd2 Nxc4+ 30.Nxc4 Qd4+
31.Kc2 { ? } ) 26.Rg3 Rxg3 27.hxg3 Na5 28.Bf1 ( 28.b3 Nxb3 ) 28...Rc5 29.Bd3 (
29.b4 Qxf5 30.Bd3 Qg5 31.bxc5 Qxe3+ { ? } ) 29...Nxc4 30.Bxc4 Qxf5 ) 21...Qxe5
22.Nd6 ( 22.f4 Qxb2 23.Nd6 Nh5 24.Bd5+ Kh8 25.Rh3 Qc3+ 26.Kf1 Nxf4 ) 22...f4 {
? } 23.Rf3 fxe3 24.Nxc8 ( 24.Rxe3 Qxh2 ) 24...Qxh2 { ! } 25.Bf1 ( 25.Kf1 e2+
26.Kxe2 Qxg2 27.Nd6 Qg4 { ??+ } ) 25...exf2+ 26.Rxf2 ( 26.Ke2 Rxc8 ) ( 26.Kd2
Ne4+ 27.Ke3 ( 27.Ke2 Rxc8 { ??+ } ) 27...Re8 { ??+ } ) 26...Qh4 { ??+ } 27.Rd2
( 27.Ne7+ Nxe7 28.Ke2 Re8 { ??+ } ) 27...Ne4 28.Qc2 Nxf2 29.Rxf2 Nd4 30.Qd2
Nf3+ {#R} 0-1

[Event "It (open)"]
[Site "masterchessopen.com Budapest (Hungary)"]
[Round "9"]
[White "Kahn Evarth Dr (HUN)"]
[Black "Majzik Levente (HUN)"]
[Result "0-1"]
[WhiteElo "2305"]
[BlackElo "2317"]

1.d4 e6 2.c4 Nf6 3.Nc3 Bb4 4.Qc2 c5 5.dxc5 O-O 6.a3 Bxc5 7.Nf3 d5 8.cxd5 Nxd5
9.Ng5 Nf6 10.e4 Bd4 11.Nf3 Nc6 12.Be2 h6 13.O-O Bxc3 14.bxc3 e5 15.Nh4 Qa5
16.Bc4 Ne7 17.a4 Qc7 18.Ba3 Rd8 19.Qa2 Nc6 20.Rad1 Nxe4 21.Qc2 Nd6 22.Ba2 Qe7
23.Qg6 Qxh4 24.Rxd6 Qf4 25.Rxd8+ Nxd8 26.Qd6 Ne6 27.Qe7 Qxa4 28.Bb1 Qd7 29.Qb4
b6 {#R} 0-1

[Event "It (open)"]
[Site "masterchessopen.com Cannes (France)"]
[Round "7"]
[White "Baquero Luis A (COL)"]
[Black "Lerch Patrice (FRA)"]
[Result "0-1"]
[WhiteElo "2350"]
[BlackElo "2253"]

1.d4 Nf6 2.c4 e6 3.Nc3 Bb4 4.Qc2 c5 5.dxc5 O-O 6.Bg5 Qa5 7.Bxf6 gxf6 8.e3
Bxc3+ 9.bxc3 Qxc5 10.Rb1 f5 11.Nf3 b6 12.Rb5 Qd6 13.g4 Bb7 14.gxf5 Bxf3
15.Rg1+ Kh8 16.f6 Qxh2 17.Rg3 Rg8 18.Rh3 Qxh3 19.Bxh3 Rg1+ 20.Bf1 Nc6 21.Rb1
Rd8 22.Kd2 d5 23.c5 Ne5 24.Re1 Be4 25.Qa4 Nf3+ 26.Ke2 Nxe1 27.Kxe1 Bd3 28.c6
Rxf1+ 29.Kd2 Bc4 30.c7 Rxf2+ 31.Kc1 Rg8 {#R} 0-1

[Event "Cup Germany (team)"]
[Site "masterchessopen.com Germany"]
[Round "0"]
[White "Chernin Alexander (HUN)"]
[Black "Womacka Mathias (GER)"]
[Result "1-0"]
[WhiteElo "2619"]
[BlackElo "2484"]

1.d4 Nf6 2.c4 e6 3.Nc3 Bb4 4.Qc2 c5 5.dxc5 O-O 6.a3 Bxc5 7.Nf3 Nc6 8.Bf4 Nh5
9.Bg3 f5 10.e3 b6 11.O-O-O Bb7 12.e4 g6 13.exf5 gxf5 14.Nb5 Nxg3 15.hxg3 a6
16.Nd6 Bxd6 17.Rxd6 Qe7 18.Qd2 Rf7 19.Kb1 Rg7 20.Be2 Rb8 21.Rd1 Bc8 22.Qc3 b5
23.cxb5 axb5 24.Ne5 b4 25.Qxc6 bxa3 26.Qc4 Qf6 27.f4 Rxg3 28.Bf3 Rxb2+ 29.Ka1
Qf8 30.Nxd7 Bxd7 31.Rxd7 {#r} 1-0

[Event "It (open)"]
[Site "masterchessopen.com Lahti (Finland)"]
[Round "5"]
[White "Johansson Jukka (FIN)"]
[Black "Koskela Niina (FIN)"]
[Result "0-1"]
[WhiteElo "2075"]
[BlackElo "2237"]

1.d4 Nf6 2.c4 e6 3.Nc3 Bb4 4.Qc2 c5 5.dxc5 O-O 6.Nf3 Na6 7.a3 Bxc3+ 8.Qxc3
Nxc5 9.b4 Nce4 10.Qd4 d5 11.c5 Ne8 12.Bb2 f6 13.Rd1 Bd7 14.e3 Nc7 15.Be2 Qe8
16.Nd2 e5 17.Qd3 Bb5 18.Qb1 Bxe2 19.Kxe2 Qb5+ 20.Ke1 Ng5 21.Nb3 Qc4 22.Qd3 Qg4
23.Kf1 Nf7 24.f3 Qh4 25.g3 Qh3+ 26.Kf2 f5 27.Qf1 Qh6 28.Bc1 Qe6 29.Qd3 Ng5
30.Qb1 Qg6 31.Bd2 Qh5 {#R} 0-1